Novell NetWare Uživatelský průvodce systémem

Na minha lista:
Detalhes bibliográficos
Autor principal: Novák, Tomáš
Formato: Livro
Idioma:tcheco
Publicado em: Praha Grada 1991
Edição:1. vyd.
Assuntos:
Tags: Adicionar Tag
Sem tags, seja o primeiro a adicionar uma tag!

MARC

LEADER 00000nam a2200000 4500
001 c001094
005 20221214094352.0
020 |a 80-85424-04-5 
041 0 |a cze 
044 |a CZ 
245 1 0 |a Novell NetWare  |b Uživatelský průvodce systémem  |c Tomáš Novák 
250 |a 1. vyd. 
264 1 |a Praha  |b Grada  |c 1991 
300 |a 192 s. 
610 2 0 |a siete počítačové 
610 2 0 |a systémy operačné 
610 2 0 |a NetWare 
100 1 |a Novák, Tomáš